000
00510nam a2200169Ia 4500
008
090711s9999 xx 000 0 und d
082
_b
903
100
_a
सप्रे माधव नी.
245
_a
अद्वैतमकरन्द
260
_c
2000
300
_a
104
600
_a
सप्रे माधव नी.
630
_a
अद्वैतमकरन्द
700
_a
सप्रे माधव नी.
730
_a
अद्वैतमकरन्द
942
_c
BOOK
999
_c
337901
_d
337901